000 00992cam a2200205 4500
001 WB3909-10
008 030306n2003 000 0 eng u
035 _a(Sirsi) u121552
245 _aCB Richard Ellis acquires Insignia Financial Group
260 _c2003
490 _aCB Richard Ellis News Release
_v18 February 2003
490 _aEstates Gazette
_v(0307) 15 February 2003, 27(6)
520 _aA deal has been struck to create the world'd biggest broker with the takeover of Insignia Financial Group by CB Richard Ellis. CBRE already owns CB Hillier Parker in the UK, making it the largest in the UK and causing concern that conflicts over valuation will drive clients to rival and also create duplication in the UK and Europe. CB Richard Ellis Press Release http://www.cbre.com/About+Us/Media+Centre/Media+Releases/default.htm
590 _aWB
650 _aMERGERS
650 _aCBRE
650 _aINSIGNIA FINANCIAL
690 _aMANAGEMENT-BUSINESS MANAGEMENT
942 _n0
999 _c72250
_d72250